000 nam a22 4500
999 _c9279
_d9279
008 180427b ||||| |||| 00| 0 eng d
245 _aClimate-related death of coral around world alarms scientists.
260 _aPhilippines
_bThe Philippine Star
_cc2016
300 _apage B-5.
650 0 _927640
_aNatural resources.
942 _2ddc
_cPER